Signe astrologique par date aléatoire - Statistiques

Statistiques générales
  • Ce quiz a été pris 1 008 fois
  • Le résultat moyen est 15 sur 20
Statistiques - réponses
Date Signe % Correct
03 janvier Capricorne
94%
25 novembre Sagittaire
92%
03 septembre Vierge
91%
30 décembre Capricorne
90%
04 novembre Scorpion
90%
02 août Lion
89%
05 août Lion
89%
02 mars Poissons
89%
14 décembre Sagittaire
89%
08 novembre Scorpion
89%
20 janvier Capricorne
88%
01 août Lion
88%
15 mars Poissons
88%
02 février Verseau
88%
06 septembre Vierge
88%
27 juillet Lion
87%
05 décembre Sagittaire
87%
14 octobre Balance
86%
02 janvier Capricorne
86%
25 décembre Capricorne
86%
31 décembre Capricorne
86%
16 août Lion
86%
06 mars Poissons
86%
12 novembre Scorpion
86%
18 novembre Scorpion
86%
01 mai Taureau
86%
02 septembre Vierge
86%
12 octobre Balance
85%
11 avril Bélier
85%
04 août Lion
85%
08 août Lion
85%
05 novembre Scorpion
85%
20 mai Taureau
85%
27 août Vierge
85%
07 septembre Vierge
85%
11 septembre Vierge
85%
15 avril Bélier
84%
08 juillet Cancer
84%
09 janvier Capricorne
84%
02 juin Gémeaux
84%
11 novembre Scorpion
84%
20 novembre Scorpion
84%
07 avril Bélier
83%
29 juin Cancer
83%
17 juillet Cancer
83%
01 janvier Capricorne
83%
10 janvier Capricorne
83%
14 juin Gémeaux
83%
10 août Lion
83%
21 février Poissons
83%
24 février Poissons
83%
08 mars Poissons
83%
19 décembre Sagittaire
83%
24 octobre Scorpion
83%
28 janvier Verseau
83%
20 octobre Balance
82%
13 juin Gémeaux
82%
16 juin Gémeaux
82%
11 août Lion
82%
14 mars Poissons
82%
03 décembre Sagittaire
82%
16 décembre Sagittaire
82%
13 novembre Scorpion
82%
29 août Vierge
82%
05 octobre Balance
81%
19 octobre Balance
81%
07 juillet Cancer
81%
18 juillet Cancer
81%
18 juin Gémeaux
81%
16 mars Poissons
81%
18 mars Poissons
81%
04 décembre Sagittaire
81%
10 février Verseau
81%
12 février Verseau
81%
01 septembre Vierge
81%
05 septembre Vierge
81%
26 septembre Balance
80%
08 octobre Balance
80%
26 juin Cancer
80%
06 janvier Capricorne
80%
09 décembre Sagittaire
80%
22 décembre Sagittaire
80%
09 février Verseau
80%
11 octobre Balance
79%
17 octobre Balance
79%
28 mars Bélier
79%
29 mars Bélier
79%
04 avril Bélier
79%
12 juillet Cancer
79%
14 juillet Cancer
79%
18 janvier Capricorne
79%
26 décembre Capricorne
79%
28 décembre Capricorne
79%
09 juin Gémeaux
79%
14 août Lion
79%
17 mars Poissons
79%
26 novembre Sagittaire
79%
01 décembre Sagittaire
79%
15 décembre Sagittaire
79%
19 mai Taureau
79%
30 janvier Verseau
79%
14 septembre Vierge
79%
30 septembre Balance
78%
03 octobre Balance
78%
09 octobre Balance
78%
03 avril Bélier
78%
28 juin Cancer
78%
08 janvier Capricorne
78%
13 janvier Capricorne
78%
15 janvier Capricorne
78%
01 juin Gémeaux
78%
23 juillet Lion
78%
30 juillet Lion
78%
13 août Lion
78%
04 mars Poissons
78%
07 mars Poissons
78%
27 novembre Sagittaire
78%
02 décembre Sagittaire
78%
14 novembre Scorpion
78%
19 novembre Scorpion
78%
02 mai Taureau
78%
10 mai Taureau
78%
13 mai Taureau
78%
06 octobre Balance
77%
18 octobre Balance
77%
24 juin Cancer
77%
02 juillet Cancer
77%
11 juillet Cancer
77%
25 juillet Lion
77%
12 août Lion
77%
19 mars Poissons
77%
06 décembre Sagittaire
77%
17 décembre Sagittaire
77%
06 mai Taureau
77%
25 janvier Verseau
77%
25 août Vierge
77%
25 juin Cancer
76%
03 juillet Cancer
76%
20 juillet Cancer
76%
21 juillet Cancer
76%
16 janvier Capricorne
76%
23 décembre Capricorne
76%
29 décembre Capricorne
76%
07 août Lion
76%
15 août Lion
76%
20 août Lion
76%
20 février Poissons
76%
23 février Poissons
76%
27 février Poissons
76%
05 mars Poissons
76%
24 novembre Sagittaire
76%
07 décembre Sagittaire
76%
10 décembre Sagittaire
76%
11 décembre Sagittaire
76%
30 octobre Scorpion
76%
31 octobre Scorpion
76%
06 novembre Scorpion
76%
09 novembre Scorpion
76%
23 avril Taureau
76%
27 avril Taureau
76%
07 mai Taureau
76%
21 janvier Verseau
76%
14 février Verseau
76%
17 février Verseau
76%
18 février Verseau
76%
20 septembre Vierge
76%
21 septembre Vierge
76%
13 octobre Balance
75%
30 mars Bélier
75%
02 avril Bélier
75%
18 avril Bélier
75%
29 mai Gémeaux
75%
26 juillet Lion
75%
19 février Poissons
75%
09 mars Poissons
75%
23 octobre Scorpion
75%
23 août Vierge
75%
22 septembre Vierge
75%
24 septembre Balance
74%
01 octobre Balance
74%
22 mars Bélier
74%
12 avril Bélier
74%
04 juillet Cancer
74%
06 juillet Cancer
74%
04 janvier Capricorne
74%
22 mai Gémeaux
74%
04 juin Gémeaux
74%
05 juin Gémeaux
74%
07 juin Gémeaux
74%
17 juin Gémeaux
74%
03 août Lion
74%
17 août Lion
74%
19 août Lion
74%
12 mars Poissons
74%
08 décembre Sagittaire
74%
12 décembre Sagittaire
74%
30 avril Taureau
74%
03 mai Taureau
74%
04 mai Taureau
74%
26 janvier Verseau
74%
01 février Verseau
74%
16 février Verseau
74%
30 août Vierge
74%
12 septembre Vierge
74%
19 septembre Vierge
74%
21 octobre Balance
73%
01 juillet Cancer
73%
09 juillet Cancer
73%
16 juillet Cancer
73%
19 juin Gémeaux
73%
18 août Lion
73%
01 mars Poissons
73%
03 mars Poissons
73%
27 octobre Scorpion
73%
26 avril Taureau
73%
28 avril Taureau
73%
17 mai Taureau
73%
24 août Vierge
73%
31 août Vierge
73%
10 septembre Vierge
73%
15 septembre Vierge
73%
17 septembre Vierge
73%
02 octobre Balance
72%
01 avril Bélier
72%
11 janvier Capricorne
72%
08 juin Gémeaux
72%
31 juillet Lion
72%
22 août Lion
72%
11 mars Poissons
72%
28 octobre Scorpion
72%
02 novembre Scorpion
72%
10 novembre Scorpion
72%
21 avril Taureau
72%
24 janvier Verseau
72%
28 août Vierge
72%
04 septembre Vierge
72%
29 septembre Balance
71%
10 octobre Balance
71%
16 octobre Balance
71%
21 mars Bélier
71%
24 mars Bélier
71%
05 avril Bélier
71%
06 avril Bélier
71%
27 juin Cancer
71%
12 janvier Capricorne
71%
10 juin Gémeaux
71%
12 juin Gémeaux
71%
21 août Lion
71%
29 novembre Sagittaire
71%
30 novembre Sagittaire
71%
18 décembre Sagittaire
71%
25 octobre Scorpion
71%
26 août Vierge
71%
08 septembre Vierge
71%
09 septembre Vierge
71%
04 octobre Balance
70%
27 mars Bélier
70%
19 juillet Cancer
70%
25 mai Gémeaux
70%
27 mai Gémeaux
70%
31 mai Gémeaux
70%
03 juin Gémeaux
70%
06 juin Gémeaux
70%
20 décembre Sagittaire
70%
21 novembre Scorpion
70%
25 avril Taureau
70%
05 mai Taureau
70%
08 mai Taureau
70%
27 janvier Verseau
70%
16 septembre Vierge
70%
07 octobre Balance
69%
15 octobre Balance
69%
22 octobre Balance
69%
23 mars Bélier
69%
10 avril Bélier
69%
16 avril Bélier
69%
30 juin Cancer
69%
10 juillet Cancer
69%
15 juillet Cancer
69%
22 juillet Cancer
69%
05 janvier Capricorne
69%
14 janvier Capricorne
69%
27 décembre Capricorne
69%
29 juillet Lion
69%
22 février Poissons
69%
25 février Poissons
69%
10 mars Poissons
69%
13 décembre Sagittaire
69%
22 novembre Scorpion
69%
18 mai Taureau
69%
03 février Verseau
69%
08 février Verseau
69%
08 avril Bélier
68%
09 avril Bélier
68%
07 janvier Capricorne
68%
24 décembre Capricorne
68%
28 juillet Lion
68%
26 février Poissons
68%
26 octobre Scorpion
68%
01 novembre Scorpion
68%
05 février Verseau
68%
11 février Verseau
68%
25 septembre Balance
67%
27 septembre Balance
67%
05 juillet Cancer
67%
23 mai Gémeaux
67%
20 juin Gémeaux
67%
24 juillet Lion
67%
09 août Lion
67%
29 février Poissons
67%
28 novembre Sagittaire
67%
21 décembre Sagittaire
67%
29 octobre Scorpion
67%
14 mai Taureau
67%
15 mai Taureau
67%
29 janvier Verseau
67%
04 février Verseau
67%
13 février Verseau
67%
23 juin Cancer
66%
28 mai Gémeaux
66%
15 novembre Scorpion
66%
17 novembre Scorpion
66%
13 avril Bélier
65%
14 avril Bélier
65%
17 avril Bélier
65%
22 juin Cancer
65%
15 juin Gémeaux
65%
21 juin Gémeaux
65%
06 août Lion
65%
20 mars Poissons
65%
16 novembre Scorpion
65%
22 avril Taureau
65%
31 janvier Verseau
65%
18 septembre Vierge
65%
19 avril Bélier
64%
24 mai Gémeaux
64%
24 avril Taureau
64%
29 avril Taureau
64%
12 mai Taureau
64%
23 septembre Balance
63%
26 mars Bélier
63%
28 février Poissons
63%
07 novembre Scorpion
63%
23 janvier Verseau
63%
15 février Verseau
63%
25 mars Bélier
62%
19 janvier Capricorne
62%
11 juin Gémeaux
62%
13 mars Poissons
62%
22 janvier Verseau
62%
06 février Verseau
62%
20 avril Bélier
61%
13 juillet Cancer
61%
09 mai Taureau
61%
16 mai Taureau
61%
13 septembre Vierge
61%
31 mars Bélier
60%
26 mai Gémeaux
60%
11 mai Taureau
60%
28 septembre Balance
59%
07 février Verseau
59%
03 novembre Scorpion
58%
17 janvier Capricorne
56%
23 novembre Sagittaire
56%
21 mai Gémeaux
54%
30 mai Gémeaux
52%
Aucun quiz correspondant
Distribution des résultats
% des personnes avec chaque résultat
Percentile par nombre de réponses
Votre historique - résultats
Vous n’avez pas pris ce quiz